000 01002nam a22003137a 4500
003 CHAP
005 20220329140142.0
008 971013s1991 r 00010 d
010 _a47755
011 _a48727
035 _a52873
040 _cCHAP
082 _a972.02
_bM4
110 _aMéxico. Secretaría de Hacienda y Crédito Público
_977183
245 _aMatrícula de tributos
_b: nuevos estudios
260 _aMéxico, D. F. :
_bLa Secretaría,
_c1991
300 _a154 p.
_b: ilus.
590 _aBATCH-UPD
_b10
_c20130110
_lUCH01
_h1424
590 _aBATCH-UPD
_b10
_c20130410
_lUCH01
_h0905
590 _aBATCH-UPD
_b10
_c20130914
_lUCH01
_h1044
590 _aCONVERSION
_b10
_c20130109
_lUCH01
_h1326
650 1 4 _aCódice Mendocino.
_927679
650 1 4 _aCódices.
_927680
650 1 4 _aMexicas.
_975273
650 1 4 _aMéxico
_xHistoria
_xEpoca prehispánica.
_976759
901 _aBK
942 _cLIBRO
949 _a972.02 M4
_bBC
_cC
_d33724000090502
_eC
_gI. 180303
_h89655
_i52873
_si
_t800.00
999 _c47755
_d47755